ბათუმის შოთა რუსთაველის სახელმწიფო უნივერსიტეტის ბიბლიოთეკა

Critical New Perspectives in Early Childhood Music: (ბიბ.ჩანაწერი № 58429)

000 -LEADER
fixed length control field 00764nam a22002057a 4500
005 - DATE AND TIME OF LATEST TRANSACTION
control field 20221108161420.0
008 - FIXED-LENGTH DATA ELEMENTS--GENERAL INFORMATION
fixed length control field 220207s2018 enk||||| |||| 00| 0 eng d
020 ## - INTERNATIONAL STANDARD BOOK NUMBER
International Standard Book Number 9781138239982 X
041 ## - LANGUAGE CODE
Language code of text/sound track or separate title eng
080 ## - UNIVERSAL DECIMAL CLASSIFICATION NUMBER
Universal Decimal Classification number 372.87 Y-70
100 ## - MAIN ENTRY--PERSONAL NAME
Personal name Young, Susan
9 (RLIN) 13480
245 ## - TITLE STATEMENT
Title Critical New Perspectives in Early Childhood Music:
Remainder of title Young Children Engaging and Learning Through Music /
Statement of responsibility, etc. Susan Young.
264 ## - PRODUCTION, PUBLICATION, DISTRIBUTION, MANUFACTURE, AND COPYRIGHT NOTICE
Place of production, publication, distribution, manufacture London :
Name of producer, publisher, distributor, manufacturer Routledge,
Date of production, publication, distribution, manufacture, or copyright notice 2018.
300 ## - PHYSICAL DESCRIPTION
Extent 156 p.
Other physical details 23 cm.
653 ## - INDEX TERM--UNCONTROLLED
keyword მუსიკის გაკვეთილები სკოლამდელ ასაკში
653 ## - INDEX TERM--UNCONTROLLED
keyword Уроки музыки для дошкольников
653 ## - INDEX TERM--UNCONTROLLED
keyword პედაგოგიკა
653 ## - INDEX TERM--UNCONTROLLED
keyword Педагогика
942 ## - ADDED ENTRY ELEMENTS (KOHA)
Source of classification or shelving scheme
Koha item type წიგნი
ეგზემპლარები
Withdrawn status Lost status Source of classification or shelving scheme Damaged status Not for loan Permanent Location Current Location Shelving location Date acquired Cost, normal purchase price Full call number Barcode Date last seen Copy number Price effective from Koha item type Public note
          ბათუმის შოთა რუსთაველის სახელმწიფო უნივერსიტეტის მთავარი ბიბლიოთეკა ბათუმის შოთა რუსთაველის სახელმწიფო უნივერსიტეტის მთავარი ბიბლიოთეკა წიგნსაცავი 2022-02-07 70.00 372.87 Y-70 62112 2022-02-07 62112 2022-02-07 წიგნი 70 ლ.